Level 2 (Record no. 113706)

MARC details
000 -LEADER
fixed length control field 00874cai a22002415a 4500
001 - CONTROL NUMBER
control field L155623
008 - FIXED-LENGTH DATA ELEMENTS--GENERAL INFORMATION
fixed length control field 120329s2012 xxk f 000 0 eng d
035 ## - SYSTEM CONTROL NUMBER
System control number (Sirsi) u155623
041 0# - LANGUAGE CODE
Language code of text/sound track or separate title eng
110 2# - MAIN ENTRY--CORPORATE NAME
Corporate name or jurisdiction name as entry element United Kingdom
Subordinate unit Cabinet Office
9 (RLIN) 5270
245 00 - TITLE STATEMENT
Title Level 2
Remainder of title building information modelling workflow overview (draft)
Medium [electronic resource]
260 ## - PUBLICATION, DISTRIBUTION, ETC.
Place of publication, distribution, etc. London
Name of publisher, distributor, etc. CO
Date of publication, distribution, etc. 2012
520 ## - SUMMARY, ETC.
Summary, etc. Draft BIM workflow overview.
590 ## - LOCAL NOTE (RLIN)
Local note KA NTK
650 24 - SUBJECT ADDED ENTRY--TOPICAL TERM
Topical term or geographic name entry element BUILDING INFORMATION MODELLING
650 24 - SUBJECT ADDED ENTRY--TOPICAL TERM
Topical term or geographic name entry element BIM
9 (RLIN) 6219
651 #4 - SUBJECT ADDED ENTRY--GEOGRAPHIC NAME
Geographic name United Kingdom
Chronological subdivision
690 ## - LOCAL SUBJECT ADDED ENTRY--TOPICAL TERM (OCLC, RLIN)
Topical term or geographic name as entry element BIM
9 (RLIN) 6219
710 1# - ADDED ENTRY--CORPORATE NAME
Corporate name or jurisdiction name as entry element United Kingdom
Subordinate unit Department for Business, Innovation and Skills
9 (RLIN) 5760
710 1# - ADDED ENTRY--CORPORATE NAME
Corporate name or jurisdiction name as entry element Construction Industry Council
9 (RLIN) 2417
856 40 - ELECTRONIC LOCATION AND ACCESS
Uniform Resource Identifier <a href="https://www.bimtaskgroup.org/wp-content/uploads/2012/03/Level-2-BIM-workflow.pdf">https://www.bimtaskgroup.org/wp-content/uploads/2012/03/Level-2-BIM-workflow.pdf</a>
Public note View the draft workflow at www.bimtaskgroup.org
942 ## - ADDED ENTRY ELEMENTS (KOHA)
Suppress in OPAC 0
Holdings
Withdrawn status Lost status Source of classification or shelving scheme Damaged status Not for loan Home library Current library Shelving location Date acquired Total Checkouts Full call number Barcode Date last seen Copy number Price effective from Koha item type
    Dewey Decimal Classification     Virtual Virtual Online 29/03/2012   ONLINE PUBLICATION 155623-2001 06/08/2019 1 06/08/2019 Book